000 00578nam a22002057a 4500
005 20251108174728.0
008 250721s2005 xx 000 0 eng d
020 _a603562167
082 1 4 _aJ/F/HAR
100 1 _ahargreawes, roger
_eAUTH.
245 1 4 _aThe Mr . Men And Little Miss " Treasury /
264 1 _alos angeles :
_bprice stern sloan,
_c2005.
300 _a248 P.
650 1 7 _aFICTION
650 1 7 _aCHILDREN
653 _aاطفال مرحله متوسطه ( 6 - 9 سنوات )
700 1 _ahargreaves, adam
_eIllus.
942 _2ddc
_cBK
999 _c116530
_d116530